Tureccy sportowcy - nagła śmierć - Statystyki

Ogólne statystyki
  • Ten quiz został rozwiązany 40 razy
  • Średni wynik to 9 z 10
Answers on the Grid
Answers color-coded by a green-red scale on the quiz's grid according to % correct below.
Mohamed Salah
Hakan Çalhanoğl
Arda Güler
Eliud Kipchoge
Fatih Arda İpcioğlu
Milad Ebadipur
Nuri Şahin
Roger Federer
Kenan Yıldız
Salahdine Parnasse
Mehdi Taremi
Cengiz Ünder
Naim Süleymanoğlu
Riyad Mahrez
Khabib Nurmagomedov
Rıza Kayaalp
Armand Duplantis
Hedo Türkoğlu
Arda Turan
Amirhosejn Esfandijar
 
Statystyki odpowiedzi
Odpowiedź % Poprawnych
Arda Güler
100%
Cengiz Ünder
94%
Hedo Türkoğlu
94%
Kenan Yıldız
94%
Arda Turan
91%
Hakan Çalhanoğl
91%
Nuri Şahin
88%
Fatih Arda İpcioğlu
85%
Naim Süleymanoğlu
79%
Rıza Kayaalp
65%
Nie znaleziono quizów pasujących do podanych kryteriów
Rozkład punktacji
Procent ludzi z każdym wynikiem
Percentyl według liczby udzielonych odpowiedzi
Twoja historia wyników
Nie rozwiązałeś tego quizu